[Event "BCF-chT3N 1819 (4NCL)"]
[Site "England"]
[Date "2019.01.12"]
[Round "3.72"]
[White "Burns, Martin J"]
[Black "Sullivan, Daniel"]
[Result "1/2-1/2"]
[WhiteElo "1945"]
[BlackElo "1957"]
[PlyCount "44"]
[EventDate "2018.11.10"]
[EventType "team-swiss"]
[EventRounds "11"]
[EventCountry "ENG"]
[SourceTitle "EXT 2021"]
[Source "ChessBase"]
[SourceDate "2020.10.23"]
[SourceVersion "1"]
[SourceVersionDate "2020.10.23"]
[SourceQuality "1"]
[WhiteTeam "Manchester Manticores III"]
[BlackTeam "Bradford DCA Knights II"]
[WhiteTeamCountry "ENG"]
[BlackTeamCountry "ENG"]

1. e4 c5 2. Nf3 Nc6 3. d4 cxd4 4. Nxd4 Nf6 5. Nc3 d6 6. Bc4 Qb6 7. Nxc6 bxc6 8. 0-0 g6 9. Rb1 Bg7 10. h3 0-0 11. Be3 Qc7 12. Qd2 Bb7 13. Bb3 d5 14. exd5 cxd5 15. Rfe1 e6 16. Bd4 Rfd8 17. Qe3 Qa5 18. Rbd1 Rd7 19. Qg5 Qd8 20. Qe3 Qa5 21. Qg5 Qd8 22. Qe3 Qa5 1/2-1/2

[Event "BCF-chT3N 1819 (4NCL)"]
[Site "England"]
[Date "2018.11.11"]
[Round "2.63"]
[White "Akeya Price, Robert A"]
[Black "Burns, Martin J"]
[Result "1-0"]
[WhiteElo "1773"]
[BlackElo "1945"]
[PlyCount "77"]
[EventDate "2018.11.10"]
[EventType "team-swiss"]
[EventRounds "11"]
[EventCountry "ENG"]
[SourceTitle "EXT 2021"]
[Source "ChessBase"]
[SourceDate "2020.10.23"]
[SourceVersion "1"]
[SourceVersionDate "2020.10.23"]
[SourceQuality "1"]
[WhiteTeam "Manx Liberty II"]
[BlackTeam "Manchester Manticores III"]
[WhiteTeamCountry "ENG"]
[BlackTeamCountry "ENG"]

1. d4 Nf6 2. c4 g6 3. g3 Bg7 4. Bg2 0-0 5. Nf3 d6 6. 0-0 Nbd7 7. Nc3 c6 8. e4 e5 9. h3 Re8 10. Be3 Qc7 11. Rc1 exd4 12. Nxd4 Nc5 13. Qc2 Qe7 14. Bg5 h6 15. Bxf6 Bxf6 16. Nde2 Be6 17. b3 Rad8 18. Rcd1 Bc8 19. Nd4 Bg7 20. f4 f5 21. Rfe1 fxe4 22. Bxe4 Bxd4+ 23. Rxd4 Qf6 24. Rdd1 Kg7 25. Kg2 Re7 26. b4 Na6 27. a3 Rde8 28. Qd2 Qe6 29. Qd4+ Kh7 30. g4 c5 31. Qd3 cxb4 32. Nd5 Nc5 33. Bxg6+ Qxg6 34. Qxg6+ Kxg6 35. Nxe7+ Kf7 36. Nxc8 Rxc8 37. axb4 Ne6 38. Rc1 Rc6 39. Rf1 1-0

[Event "North Wales op 3rd"]
[Site "Llandudno"]
[Date "2018.06.24"]
[Round "4"]
[White "Burns, Martin J"]
[Black "Crocker, Philip J"]
[Result "0-1"]
[WhiteElo "1921"]
[BlackElo "2109"]
[PlyCount "82"]
[EventDate "2018.06.22"]
[EventType "swiss"]
[EventRounds "5"]
[EventCountry "WLS"]
[SourceTitle "EXT 2020"]
[Source "ChessBase"]
[SourceDate "2019.10.17"]
[SourceVersion "1"]
[SourceVersionDate "2019.10.17"]
[SourceQuality "1"]

1. e4 Nf6 2. Nc3 d5 3. exd5 Nxd5 4. Bc4 Nb6 5. Bb3 Nc6 6. Nf3 Bf5 7. d3 e6 8. Be3 Be7 9. h3 Nd5 10. Nxd5 exd5 11. c3 0-0 12. 0-0 Qd7 13. Bc2 Bd6 14. d4 Rfe8 15. Bxf5 Qxf5 16. Nh4 Qf6 17. Qg4 Re4 18. Bg5 Rxg4 19. Bxf6 Re4 20. Bg5 f6 21. f3 Re2 22. Bc1 g6 23. f4 Rae8 24. Nf3 R8e4 25. g3 Ne7 26. Rf2 Nf5 27. Kg2 c5 28. g4 Ne7 29. Rxe2 Rxe2+ 30. Kf1 Rc2 31. Rb1 cxd4 32. cxd4 Nc6 33. f5 gxf5 34. gxf5 Ne7 35. Be3 Nxf5 36. Bf2 Bg3 37. Bxg3 Nxg3+ 38. Kg1 Kf7 39. a3 Ne2+ 40. Kf1 Nf4 41. h4 Nd3 0-1

[Event "North Wales op 3rd"]
[Site "Llandudno"]
[Date "2018.06.24"]
[Round "5"]
[White "Camp, Imogen AL"]
[Black "Burns, Martin J"]
[Result "1-0"]
[WhiteElo "1832"]
[BlackElo "1921"]
[PlyCount "99"]
[EventDate "2018.06.22"]
[EventType "swiss"]
[EventRounds "5"]
[EventCountry "WLS"]
[SourceTitle "EXT 2020"]
[Source "ChessBase"]
[SourceDate "2019.10.17"]
[SourceVersion "1"]
[SourceVersionDate "2019.10.17"]
[SourceQuality "1"]

1. d4 Nf6 2. Nf3 g6 3. Bf4 Bg7 4. e3 d6 5. Bd3 c5 6. c3 0-0 7. h3 b6 8. 0-0 Bb7 9. Qe2 Nbd7 10. e4 Rc8 11. Nbd2 Nh5 12. Bh2 Bh6 13. Rfe1 Nf4 14. Bxf4 Bxf4 15. Nc4 b5 16. Ne3 c4 17. Bc2 e6 18. g3 Bh6 19. Ng2 a6 20. Rad1 Qc7 21. Nd2 e5 22. d5 Qb6 23. Kh2 a5 24. h4 a4 25. a3 Rce8 26. Ne3 Qd8 27. Kg2 Nc5 28. Rh1 Bxe3 29. Qxe3 f5 30. Qh6 fxe4 31. Nxe4 Nxe4 32. Bxe4 Qf6 33. f3 Rc8 34. h5 Qg7 35. hxg6 hxg6 36. Qxg6 Qxg6 37. Bxg6 Rf6 38. Be4 Rc7 39. Rh5 Rg7 40. Rdh1 Kf8 41. Rh8+ Rg8 42. g4 Rf7 43. Rxg8+ Kxg8 44. Rh6 Rd7 45. g5 Rg7 46. g6 Bc8 47. Kg3 Bd7 48. Kh4 Be8 49. Kg5 Bd7 50. Kf6 1-0

[Event "North Wales op 3rd"]
[Site "Llandudno"]
[Date "2018.06.23"]
[Round "2"]
[White "Burns, Martin J"]
[Black "Brown, Geoffrey M"]
[Result "1/2-1/2"]
[WhiteElo "1921"]
[BlackElo "1877"]
[PlyCount "80"]
[EventDate "2018.06.22"]
[EventType "swiss"]
[EventRounds "5"]
[EventCountry "WLS"]
[SourceTitle "EXT 2020"]
[Source "ChessBase"]
[SourceDate "2019.10.17"]
[SourceVersion "1"]
[SourceVersionDate "2019.10.17"]
[SourceQuality "1"]

1. e4 e6 2. d4 d5 3. e5 c5 4. c3 Nc6 5. Nf3 Bd7 6. a3 f6 7. Bd3 fxe5 8. Nxe5 Nxe5 9. dxe5 g6 10. 0-0 Qc7 11. Re1 Bg7 12. Qe2 0-0-0 13. Nd2 Nh6 14. Nf3 Nf7 15. Bf4 Rhf8 16. Bg3 Bh6 17. Rab1 Ng5 18. Nxg5 Bxg5 19. Qg4 Be7 20. c4 d4 21. b4 Kb8 22. Rb2 b6 23. b5 h5 24. Qe4 g5 25. h3 Bc8 26. a4 Bb7 27. Qg6 h4 28. Bh2 Qd7 29. Be4 Rg8 30. Qh5 g4 31. hxg4 Rh8 32. Qf7 Rdf8 33. Qg7 Rfg8 34. Qf7 Rf8 35. Qg7 Rhg8 36. Qh7 Rh8 37. Qg6 Rhg8 38. Qh7 Rh8 39. Qg6 Rhg8 40. Qh7 Rh8 1/2-1/2

[Event "North Wales op 3rd"]
[Site "Llandudno"]
[Date "2018.06.23"]
[Round "3"]
[White "Paterson, Andrew I"]
[Black "Burns, Martin J"]
[Result "1/2-1/2"]
[WhiteElo "2020"]
[BlackElo "1921"]
[PlyCount "91"]
[EventDate "2018.06.22"]
[EventType "swiss"]
[EventRounds "5"]
[EventCountry "WLS"]
[SourceTitle "EXT 2020"]
[Source "ChessBase"]
[SourceDate "2019.10.17"]
[SourceVersion "1"]
[SourceVersionDate "2019.10.17"]
[SourceQuality "1"]

1. c4 Nf6 2. Nc3 e5 3. g3 d6 4. Bg2 Nc6 5. d3 Be7 6. Rb1 0-0 7. b4 a6 8. a4 Nd4 9. Nf3 Nxf3+ 10. Bxf3 c6 11. 0-0 Bg4 12. Bh1 Qd7 13. a5 d5 14. Na4 Rad8 15. Nb6 Qf5 16. Qc2 Qh5 17. f3 Bh3 18. Bg2 Bxg2 19. Kxg2 e4 20. cxd5 exf3+ 21. Rxf3 Nxd5 22. Nxd5 Rxd5 23. e4 Rb5 24. Bd2 Qg6 25. Bc3 Qe6 26. h3 Rh5 27. g4 Rb5 28. Rb2 Rc8 29. Qd2 Rd8 30. Qf2 f6 31. Qc2 Bd6 32. Rf2 Re8 33. Rf3 Bc7 34. Qb3 Qxb3 35. Rxb3 Rd8 36. d4 Bxa5 37. e5 fxe5 38. dxe5 Bb6 39. e6 Re8 40. Rf7 Rxe6 41. Rxg7+ Kf8 42. Rb1 Re7 43. Rf1+ Ke8 44. Re1 Rxe1 45. Bxe1 h5 46. Rxb7 1/2-1/2

[Event "Frodsham op"]
[Site "Frodsham"]
[Date "2018.02.03"]
[Round "2"]
[White "Burns, Martin J"]
[Black "McDougall, William M"]
[Result "0-1"]
[WhiteElo "1877"]
[BlackElo "2048"]
[PlyCount "72"]
[EventDate "2018.02.02"]
[EventType "swiss"]
[EventRounds "5"]
[EventCountry "ENG"]
[SourceTitle "CBM 182 Extra"]
[Source "ChessBase"]
[SourceDate "2018.02.23"]
[SourceVersion "1"]
[SourceVersionDate "2018.02.23"]
[SourceQuality "1"]

1. e4 c5 2. Nf3 d6 3. d4 cxd4 4. Nxd4 Nf6 5. Nc3 a6 6. Bd3 e5 7. Nb3 Be7 8. h3 b5 9. a3 Bb7 10. 0-0 Nbd7 11. Bg5 0-0 12. Re1 Qc7 13. Rc1 Rfe8 14. Ne2 Nxe4 15. Bxe7 Rxe7 16. c4 Ndf6 17. cxb5 Qb6 18. Rf1 axb5 19. Nd2 Nxf2 20. Rxf2 e4 21. Bxe4 Bxe4 22. Ng3 d5 23. Qb3 Rae8 24. Qc3 h5 25. Qc5 Qb8 26. Ndxe4 Rxe4 27. Nxe4 Nxe4 28. Qc7 Nxf2 29. Kxf2 Qa8 30. Rc5 Qa4 31. Kg1 Qd4+ 32. Kh2 Re5 33. Rc2 Qf4+ 34. g3 Re2+ 35. Kh1 Qe4+ 36. Kg1 Qg2# 0-1

[Event "Harrogate 4NCL op-B 17th"]
[Site "Harrogate"]
[Date "2018.01.21"]
[Round "4"]
[White "McKerracher, Douglas"]
[Black "Burns, Martin J"]
[Result "0-1"]
[WhiteElo "1912"]
[BlackElo "1867"]
[PlyCount "80"]
[EventDate "2018.01.19"]
[EventType "swiss"]
[EventRounds "5"]
[EventCountry "ENG"]
[SourceTitle "CBM 182 Extra"]
[Source "ChessBase"]
[SourceDate "2018.02.23"]
[SourceVersion "1"]
[SourceVersionDate "2018.02.23"]
[SourceQuality "1"]

1. e4 e6 2. d3 d5 3. Nd2 c5 4. Ngf3 Nf6 5. g3 Nc6 6. Bg2 Be7 7. 0-0 0-0 8. Re1 Re8 9. e5 Nd7 10. Qe2 Nf8 11. Nf1 Qc7 12. h4 Bd7 13. N1h2 Rac8 14. c3 b5 15. h5 d4 16. Bg5 dxc3 17. bxc3 Bxg5 18. Nxg5 h6 19. Ngf3 Ne7 20. Ng4 Nf5 21. Rac1 Bc6 22. Nd2 Bxg2 23. Kxg2 Red8 24. Ne4 Nh7 25. f4 c4 26. dxc4 Qxc4 27. Qxc4 Rxc4 28. Ngf2 Ra4 29. Re2 Rd5 30. Rcc2 Nf8 31. Kf3 Ne7 32. g4 Nd7 33. Red2 Ra3 34. Ke2 Nb6 35. Nd6 a6 36. Nd3 Ra4 37. Kf3 Nc4 38. Nxc4 Rxc4 39. Ke3 Rd8 40. Rf2 Nd5+ 0-1

[Event "Doncaster 4NCL op-B 15th"]
[Site "Doncaster"]
[Date "2017.09.10"]
[Round "4"]
[White "Burns, Martin J"]
[Black "Holi, Sief Al Din"]
[Result "1-0"]
[WhiteElo "1857"]
[BlackElo "1754"]
[PlyCount "48"]
[EventDate "2017.09.08"]
[EventType "swiss"]
[EventRounds "5"]
[EventCountry "ENG"]
[SourceTitle "CBM 180 Extra"]
[Source "ChessBase"]
[SourceDate "2017.10.06"]
[SourceVersion "1"]
[SourceVersionDate "2017.10.06"]
[SourceQuality "1"]

1. e4 e5 2. Nf3 Nc6 3. d4 exd4 4. Nxd4 Bc5 5. Nxc6 bxc6 6. Bc4 Nf6 7. Nc3 0-0 8. 0-0 d6 9. h3 Re8 10. Qf3 Be6 11. Bb3 Bd4 12. Re1 Nd7 13. Bf4 Qf6 14. Qg3 h6 15. Rad1 g5 16. h4 Be5 17. Bxe5 Nxe5 18. Ne2 Kh7 19. hxg5 hxg5 20. Nd4 Rh8 21. Bxe6 fxe6 22. Qh3+ Kg7 23. Qe3 Kh7 24. f3 c5 1-0

[Event "Doncaster 4NCL op-B 15th"]
[Site "Doncaster"]
[Date "2017.09.09"]
[Round "3"]
[White "Shenbagakumar, Gautham"]
[Black "Burns, Martin J"]
[Result "1/2-1/2"]
[WhiteElo "1340"]
[BlackElo "1857"]
[PlyCount "84"]
[EventDate "2017.09.08"]
[EventType "swiss"]
[EventRounds "5"]
[EventCountry "ENG"]
[SourceTitle "CBM 180 Extra"]
[Source "ChessBase"]
[SourceDate "2017.10.06"]
[SourceVersion "1"]
[SourceVersionDate "2017.10.06"]
[SourceQuality "1"]

1. e4 e6 2. d4 d5 3. Nc3 Bb4 4. e5 c5 5. a3 Bxc3+ 6. bxc3 Qc7 7. Qg4 f5 8. Qg3 Nc6 9. Bb5 a6 10. Bxc6+ bxc6 11. Ne2 Qf7 12. Nf4 cxd4 13. cxd4 Ne7 14. a4 a5 15. h4 Ba6 16. h5 Kd7 17. Ba3 Rab8 18. Qc3 Ra8 19. Qxa5 Rhb8 20. Qc5 Nc8 21. Kd2 Qe7 22. Qxe7+ Nxe7 23. Bc5 Rb7 24. Rhb1 Rab8 25. Rxb7+ Rxb7 26. Nd3 Bc4 27. Nb4 Nc8 28. a5 Rb8 29. a6 Ra8 30. Bf8 g6 31. hxg6 hxg6 32. Bc5 Bb5 33. f4 Kc7 34. Ke3 Nb6 35. Bxb6+ Kxb6 36. Rb1 Rh8 37. c3 Rh2 38. Kf3 Rh8 39. Ra1 Rh7 40. Rb1 Ka7 41. Ra1 Kb6 42. Rb1 Ka7 1/2-1/2

[Event "GBR-ch Atkins op 104th"]
[Site "Llandudno"]
[Date "2017.07.30"]
[Round "4"]
[White "Burns, Martin J"]
[Black "Al Khateeb, Taher"]
[Result "0-1"]
[WhiteElo "1857"]
[BlackElo "2015"]
[PlyCount "120"]
[EventDate "2017.07.28"]
[EventType "swiss"]
[EventRounds "5"]
[EventCountry "WLS"]
[SourceTitle "EXT 2019"]
[Source "ChessBase"]
[SourceDate "2018.10.10"]
[SourceVersion "1"]
[SourceVersionDate "2018.10.10"]
[SourceQuality "1"]

1. e4 c5 2. Nf3 Nc6 3. d4 cxd4 4. Nxd4 g6 5. Nc3 Bg7 6. Be3 Nf6 7. Bc4 0-0 8. 0-0 Na5 9. Bb3 d5 10. exd5 Nxd5 11. Nxd5 Qxd5 12. c3 Nc4 13. Bxc4 Qxc4 14. Qb3 Qa6 15. Qb4 Qf6 16. Rad1 a5 17. Qb5 e5 18. Nb3 Qa6 19. Qxa6 Rxa6 20. Rd2 a4 21. Nc5 Ra8 22. a3 Ra5 23. Rfd1 f5 24. Nd7 Bxd7 25. Rxd7 f4 26. Bc1 Rb5 27. f3 Bf6 28. g3 g5 29. R1d6 Rf7 30. Kf2 Be7 31. Rd5 Bc5+ 32. Ke2 Rxd7 33. Rxd7 Bg1 34. gxf4 exf4 35. h4 gxh4 36. Bxf4 h3 37. Kf1 h2 38. Kg2 Rxb2+ 39. Rd2 Rxd2+ 40. Bxd2 Kf7 41. Bf4 Ke6 42. c4 Bc5 43. Bc1 Bd6 44. Bb2 Kf5 45. Bc1 Be5 46. Bd2 Bf4 47. Bb4 Ke5 48. Bc3+ Kd6 49. Bb4+ Kc6 50. Be7 h5 51. Bf8 h4 52. Be7 Bg3 53. Bb4 Kd7 54. Bc3 Ke6 55. Bd4 Kf5 56. Be3 Bf4 57. Bd4 h3+ 58. Kh1 Bc1 59. Bc5 Kf4 60. Kxh2 Kxf3 0-1

[Event "GBR-ch Atkins op 104th"]
[Site "Llandudno"]
[Date "2017.07.29"]
[Round "3"]
[White "Arora, Manoj"]
[Black "Burns, Martin J"]
[Result "0-1"]
[WhiteElo "1787"]
[BlackElo "1857"]
[PlyCount "106"]
[EventDate "2017.07.28"]
[EventType "swiss"]
[EventRounds "5"]
[EventCountry "WLS"]
[SourceTitle "EXT 2019"]
[Source "ChessBase"]
[SourceDate "2018.10.10"]
[SourceVersion "1"]
[SourceVersionDate "2018.10.10"]
[SourceQuality "1"]

1. e4 e6 2. d4 d5 3. Nc3 Bb4 4. Bd2 dxe4 5. a3 Bxc3 6. Bxc3 Nf6 7. Ne2 0-0 8. Ng3 b6 9. Bb5 a6 10. Ba4 b5 11. Bb3 Bb7 12. 0-0 Bd5 13. Ba2 Nc6 14. b3 Ne7 15. Bb2 Rb8 16. Qe2 Nf5 17. Nxf5 exf5 18. c4 Ba8 19. Rad1 Qd6 20. h3 f4 21. d5 bxc4 22. bxc4 f3 23. gxf3 exf3 24. Qe5 Qd7 25. Kh2 Ng4+ 26. hxg4 Rxb2 27. Qxb2 Qxg4 28. Qxg7+ Kxg7 29. Rg1 h5 30. Rxg4+ hxg4 31. Kg3 Re8 32. Bb1 Re2 33. Rd4 Kf6 34. Rxg4 Rb2 35. Be4 Rb3 36. Rf4+ Ke5 37. Rxf3 Rxf3+ 38. Bxf3 Bb7 39. Bg4 Bc8 40. f4+ Kd4 41. Be2 a5 42. Kh4 Ba6 43. Kg5 Bxc4 44. Bxc4 Kxc4 45. d6 cxd6 46. Kf6 d5 47. Kxf7 d4 48. f5 d3 49. f6 d2 50. Kg8 d1Q 51. f7 Qd8+ 52. f8Q Qxf8+ 53. Kxf8 Kb3 0-1

[Event "GBR-ch Atkins op 104th"]
[Site "Llandudno"]
[Date "2017.07.29"]
[Round "2"]
[White "Burns, Martin J"]
[Black "Jamieson, Alexander"]
[Result "1-0"]
[WhiteElo "1857"]
[BlackElo "1599"]
[PlyCount "63"]
[EventDate "2017.07.28"]
[EventType "swiss"]
[EventRounds "5"]
[EventCountry "WLS"]
[SourceTitle "EXT 2019"]
[Source "ChessBase"]
[SourceDate "2018.10.10"]
[SourceVersion "1"]
[SourceVersionDate "2018.10.10"]
[SourceQuality "1"]

1. e4 e6 2. Nf3 d5 3. e5 c5 4. d4 Nc6 5. c3 Qb6 6. a3 c4 7. Be2 Bd7 8. 0-0 Nge7 9. Nbd2 Na5 10. Rb1 a6 11. h3 Ng6 12. g3 Qc7 13. Re1 b5 14. Bf1 Be7 15. Bg2 Nc6 16. Nf1 a5 17. h4 h5 18. Ng5 Bxg5 19. Bxg5 Nge7 20. Bf3 g6 21. Ne3 Nf5 22. Nxf5 gxf5 23. Bxh5 Ne7 24. Bf3 a4 25. Qd2 Bc6 26. Bf6 Rh7 27. Qg5 Ng6 28. h5 Nf8 29. Qg8 Kd7 30. Bg7 Ng6 31. Qxh7 Rh8 32. Bxh8 1-0

[Event "Wakefield 4NCL op-B 13th"]
[Site "Wakefield"]
[Date "2017.04.08"]
[Round "3.4"]
[White "Ter Gevorkian, Aram"]
[Black "Burns, Martin J"]
[Result "1/2-1/2"]
[WhiteElo "1932"]
[BlackElo "1846"]
[PlyCount "128"]
[EventDate "2017.04.07"]
[EventType "swiss"]
[EventRounds "5"]
[EventCountry "ENG"]
[SourceTitle "EXT 2023"]
[Source "ChessBase"]
[SourceDate "2022.10.05"]
[SourceVersion "1"]
[SourceVersionDate "2022.10.05"]
[SourceQuality "1"]

1. e4 e6 2. d4 d5 3. Nc3 Bb4 4. Nge2 dxe4 5. a3 Be7 6. Nxe4 Nf6 7. Nxf6+ Bxf6 8. Be3 0-0 9. Qd2 c5 10. 0-0-0 Qb6 11. g4 Nc6 12. g5 Bxd4 13. Nxd4 Nxd4 14. Bxd4 cxd4 15. Qxd4 Qa5 16. f4 b6 17. Bg2 Rb8 18. Rhe1 Bb7 19. Re5 b5 20. Bxb7 Rxb7 21. f5 exf5 22. Rxf5 Qc7 23. h4 Qc8 24. Re5 Qh3 25. Rd5 Rbb8 26. Kb1 a6 27. Qe4 Rbe8 28. Qd4 Rc8 29. b3 Qh2 30. Rd2 Qh1+ 31. Kb2 Rce8 32. Rd1 Qh3 33. Rg1 Qf3 34. Rg4 Rc8 35. h5 Qe2 36. Qe4 Rxc2+ 37. Qxc2 Qxg4 38. h6 Rc8 39. Qd2 Re8 40. Rd8 Qe6 41. Qc3 f6 42. Rd2 Qe5 43. gxf6 Qxf6 44. Qxf6 gxf6 45. Rg2+ Kh8 46. Kc3 f5 47. Rd2 f4 48. Rd7 Rf8 49. Kd2 f3 50. Ke1 f2+ 51. Kf1 Kg8 52. Rg7+ Kh8 53. Ra7 Kg8 54. Rxa6 Rf3 55. b4 Kf7 56. Rb6 Rf5 57. Ra6 Rf3 58. a4 bxa4 59. Rxa4 Kf6 60. b5 Rb3 61. Ra6+ Kg5 62. Rb6 Rb2 63. Kg2 Kh5 64. Rb8 Kxh6 1/2-1/2

[Event "Harrogate 4NCL op-B 12th"]
[Site "Harrogate"]
[Date "2017.01.08"]
[Round "4"]
[White "Ter Gevorkian, Aram"]
[Black "Burns, Martin J"]
[Result "1-0"]
[WhiteElo "1927"]
[BlackElo "1847"]
[PlyCount "73"]
[EventDate "2017.01.06"]
[EventType "swiss"]
[EventRounds "5"]
[EventCountry "ENG"]
[SourceTitle "CBM 176 Extra"]
[Source "ChessBase"]
[SourceDate "2017.03.02"]
[SourceVersion "1"]
[SourceVersionDate "2017.03.02"]
[SourceQuality "1"]

1. e4 e6 2. d4 d5 3. Nc3 Bb4 4. e5 c5 5. a3 Bxc3+ 6. bxc3 Qc7 7. Qg4 f5 8. Qh5+ g6 9. Qd1 cxd4 10. cxd4 Qc3+ 11. Bd2 Qxd4 12. Nf3 Qe4+ 13. Be2 Nc6 14. 0-0 Nge7 15. Re1 0-0 16. Bb5 Qg4 17. h3 Qh5 18. Bf4 d4 19. Be2 Nd5 20. Bd2 Nc3 21. Bxc3 dxc3 22. Qd3 Qh6 23. Rab1 g5 24. Qe3 f4 25. Qxc3 Qg7 26. Red1 h5 27. Bb5 Nd8 28. h4 a6 29. Bd3 gxh4 30. Nxh4 Qg4 31. Qc7 Nf7 32. Nf3 h4 33. Kh2 Kh8 34. Rg1 h3 35. Qe7 Bd7 36. gxh3 Qh5 37. Qf6# 1-0

[Event "Harrogate 4NCL op-B 12th"]
[Site "Harrogate"]
[Date "2017.01.07"]
[Round "2"]
[White "Wagg, Joel"]
[Black "Burns, Martin J"]
[Result "1-0"]
[WhiteElo "1915"]
[BlackElo "1847"]
[PlyCount "81"]
[EventDate "2017.01.06"]
[EventType "swiss"]
[EventRounds "5"]
[EventCountry "ENG"]
[SourceTitle "CBM 176 Extra"]
[Source "ChessBase"]
[SourceDate "2017.03.02"]
[SourceVersion "1"]
[SourceVersionDate "2017.03.02"]
[SourceQuality "1"]

1. e4 e6 2. d4 d5 3. Nd2 Nf6 4. e5 Nfd7 5. f4 c5 6. c3 Nc6 7. Ndf3 cxd4 8. cxd4 Bb4+ 9. Kf2 0-0 10. g3 f6 11. Kg2 Qb6 12. Bd3 f5 13. Ne2 Be7 14. h3 Kh8 15. g4 g6 16. Bb1 a6 17. Qg1 Na5 18. b3 Qc7 19. h4 Rg8 20. Ng5 Nf8 21. h5 Bxg5 22. fxg5 b5 23. Ba3 Qd8 24. Bxf8 Qxf8 25. Nf4 gxh5 26. Rxh5 Ra7 27. Qh1 Qb4 28. g6 Rgg7 29. Qh4 Qd2+ 30. Kf3 Qd1+ 31. Ke3 Qc1+ 32. Ke2 Qb2+ 33. Kf3 Qc3+ 34. Bd3 Nc6 35. Rh1 Nxd4+ 36. Kg3 Nc6 37. Qf6 Kg8 38. gxh7+ Rxh7 39. Rxh7 Rxh7 40. Qg6+ Kf8 41. Qxh7 1-0

[Event "Wakefield 4NCL op-B 8th"]
[Site "Wakefield"]
[Date "2016.04.02"]
[Round "2"]
[White "Williams, Stephen"]
[Black "Burns, Martin J"]
[Result "1/2-1/2"]
[WhiteElo "1724"]
[BlackElo "1902"]
[PlyCount "103"]
[EventDate "2016.04.01"]
[EventType "swiss"]
[EventRounds "5"]
[EventCountry "ENG"]
[SourceTitle "CBM 171 Extra"]
[Source "ChessBase"]
[SourceDate "2016.04.26"]
[SourceVersion "1"]
[SourceVersionDate "2016.04.26"]
[SourceQuality "1"]

1. d4 Nf6 2. c4 g6 3. Nc3 Bg7 4. e4 d6 5. Be2 0-0 6. Bg5 c6 7. Qd2 e5 8. Nf3 Qc7 9. 0-0 Nbd7 10. Rfd1 a6 11. Rab1 Re8 12. Qc2 Nf8 13. d5 c5 14. b4 cxb4 15. Rxb4 h6 16. Be3 N8d7 17. h3 Nc5 18. Nd2 Nfd7 19. Rdb1 Qd8 20. Na4 Nxa4 21. Qxa4 f5 22. f3 Rf8 23. Qc2 f4 24. Bf2 Rf7 25. Nb3 Qg5 26. Kh1 Bf8 27. c5 dxc5 28. Nxc5 Qh5 29. Rc4 b5 30. Rc3 Nxc5 31. Bxc5 Bxh3 32. Bxf8 Bd7+ 33. Kg1 Raxf8 34. Rc1 Qg5 35. Bf1 h5 36. Rc7 h4 37. Qf2 h3 38. Ra7 hxg2 39. Bxg2 Bh3 40. Rxf7 Rxf7 41. Rc6 Rf6 42. Rxf6 Bxg2 43. Rxg6+ Qxg6 44. Qxg2 Kf7 45. Qxg6+ Kxg6 46. Kf2 Kf6 47. Ke2 Ke7 48. Kd2 Kd6 49. Kc3 a5 50. Kb3 Kc5 51. a3 Kd6 52. Kc3 1/2-1/2

[Event "Wetherby 4NCL op-A 6th"]
[Site "Wetherby"]
[Date "2016.01.10"]
[Round "4"]
[White "Burns, Martin J"]
[Black "Nicholson, Jim WR"]
[Result "0-1"]
[WhiteElo "1899"]
[BlackElo "2008"]
[PlyCount "112"]
[EventDate "2016.01.08"]
[EventType "swiss"]
[EventRounds "5"]
[EventCountry "ENG"]
[SourceTitle "CBM 170 Extra"]
[Source "ChessBase"]
[SourceDate "2016.02.25"]
[SourceVersion "1"]
[SourceVersionDate "2016.02.25"]
[SourceQuality "1"]

1. e4 c6 2. Nc3 d5 3. d4 dxe4 4. Nxe4 Bf5 5. Ng3 Bg6 6. Nf3 Nd7 7. Bc4 e6 8. 0-0 Ngf6 9. Re1 Be7 10. c3 Qc7 11. Qe2 Nd5 12. Bg5 Bxg5 13. Nxg5 0-0 14. Qd2 N7f6 15. Bd3 Qf4 16. Qxf4 Nxf4 17. Bxg6 hxg6 18. Rad1 Rfd8 19. N3e4 Nxe4 20. Rxe4 Nd5 21. Rd3 Nf6 22. Rh4 Kf8 23. f3 Ke7 24. Kf2 c5 25. Ke2 c4 26. Rd1 Nd5 27. Re4 Rd6 28. Rh4 Rb6 29. Rd2 f6 30. Nh3 g5 31. Re4 Rh8 32. Kf2 f5 33. Re5 Kf6 34. Kg3 Rh6 35. Rde2 Rg6 36. Kf2 Rd6 37. Kg1 g4 38. fxg4 Rxg4 39. Nf2 Rg6 40. Nh3 Rh6 41. Rf2 g5 42. Rf1 Rb6 43. Rfe1 g4 44. Nf2 Kf7 45. Nd1 Nf4 46. Rc5 Nd3 47. Rc7+ Kf6 48. Re2 Nf4 49. Rd2 Nd5 50. Rxc4 f4 51. Rc8 Kf5 52. Re2 Kf6 53. b3 Rc6 54. c4 Rxc8 55. cxd5 exd5 56. Kf2 Rxh2 0-1

[Event "London Classic CSC op U2000 7th"]
[Site "London"]
[Date "2015.12.05"]
[Round "2"]
[White "Burns, Martin J"]
[Black "O'Gorman, Brendan"]
[Result "1-0"]
[WhiteElo "1899"]
[BlackElo "1808"]
[PlyCount "103"]
[EventDate "2015.12.04"]
[EventType "swiss"]
[EventRounds "5"]
[EventCountry "ENG"]
[SourceTitle "CBM 169 Extra"]
[Source "ChessBase"]
[SourceDate "2015.12.18"]
[SourceVersion "1"]
[SourceVersionDate "2015.12.18"]
[SourceQuality "1"]

1. e4 e5 2. Nf3 Nc6 3. d4 exd4 4. Nxd4 Nf6 5. Nxc6 bxc6 6. e5 Qe7 7. Qe2 Nd5 8. c4 Nb6 9. g3 g6 10. b3 Bg7 11. Bb2 0-0 12. Nd2 a5 13. Bg2 Re8 14. f4 d5 15. 0-0 f6 16. Qf2 fxe5 17. Bxe5 Bf5 18. Rfe1 a4 19. Rac1 axb3 20. axb3 Qf8 21. Nf3 dxc4 22. bxc4 Red8 23. Bxc7 Na4 24. Bxd8 Rxd8 25. Ne5 Nc5 26. Bf1 Ne4 27. Rxe4 Bxe4 28. Re1 Bxe5 29. fxe5 Bf5 30. Qb6 Rd2 31. Bg2 Be6 32. Rf1 Qe7 33. Qxc6 Kg7 34. Rc1 Qa3 35. Rf1 Qe3+ 36. Kh1 Qxe5 37. Qe8 Qd6 38. c5 Qxc5 39. Qxe6 Rf2 40. Rxf2 Qxf2 41. Qe5+ Qf6 42. Qxf6+ Kxf6 43. Kg1 h5 44. Kf2 g5 45. Bf3 g4 46. Be2 Kg5 47. Ke3 Kf5 48. Bd3+ Kg5 49. Be4 h4 50. Bd3 Kh5 51. Kf4 hxg3 52. hxg3 1-0

[Event "BCF-ch Atkins op"]
[Site "Coventry"]
[Date "2015.08.02"]
[Round "5"]
[White "Ackley, Peter JE"]
[Black "Burns, Martin J"]
[Result "1/2-1/2"]
[WhiteElo "2026"]
[BlackElo "1901"]
[PlyCount "74"]
[EventDate "2015.07.31"]
[EventType "swiss"]
[EventRounds "5"]
[EventCountry "ENG"]
[SourceTitle "CBM 167 Extra"]
[Source "ChessBase"]
[SourceDate "2015.09.14"]
[SourceVersion "1"]
[SourceVersionDate "2015.09.14"]
[SourceQuality "1"]

1. f4 d5 2. Nf3 c5 3. e3 Nc6 4. Bb5 Bd7 5. 0-0 Qc7 6. b3 f6 7. Bb2 0-0-0 8. c4 d4 9. Bxc6 Bxc6 10. exd4 Bxf3 11. Qxf3 cxd4 12. d3 Nh6 13. Na3 a6 14. Nc2 e5 15. fxe5 fxe5 16. b4 Be7 17. Qe4 Bf6 18. c5 Qd7 19. Na3 Qg4 20. Rae1 Qxe4 21. Rxe4 Nf7 22. Bc1 Rhe8 23. Nc4 Kc7 24. a4 Kc6 25. Bd2 Rb8 26. g3 Re6 27. Kg2 Rbe8 28. Na5+ Kc7 29. Nc4 Kc6 30. h4 h5 31. Rf5 g6 32. Rf1 R8e7 33. Rfe1 Kd5 34. Nb6+ Kc6 35. Nc4 Kd5 36. Nb6+ Kc6 37. Kh3 Bg7 1/2-1/2